Statystyki dla Państwa Afryki po skojażeniach

Kliknij tutaj aby rozwiązać quiz!

Ogólne statystyki

  • Ten quiz został rozwiązany 21 razy
  • Średni wynik to 32 z 56

Statystyki odpowiedzi

WskazówkaPaństwo% Poprawnych
Piramidy, Suez, Gamal Abdel NaserEgipt
100%
Najmłodsze państwo, Dżuba,Sudan Południowy
88%
Stolica na wyspie z dala od reszty kraju, kolonia hiszpańska,
posiada równik w nazwie
Gwinea Równikowa
82%
Ludobójstwo Tusi, dawna flaga z literą RRwanda
82%
Wojna domowa od 1991, piraci,
próba zajęcia Ogedenu
Somalia
82%
Askarysi Paula von Lettowa-Vorbecka, Kilimandżaro,
Zanzibar
Tanzania
82%
Wojna Toyot, flaga identyczna jak rumuńskaCzad
76%
Dawna kolonia portugalska, BissauGwinea Bissau
76%
Król Julian, niedoszła Polska kolonia, wymarłe MamutakiMadagaskar
76%
Podobne problemy etniczne jak u północnego sąsiada,
Bużumbura, najniższe PKB per capita na świecie
Burundi
71%
Leopold II Koburg, Mobutu Sese Seko,
najkrwawsza wojna w Afryce
Demokratyczna Republika
Konga
71%
Wywalczenie niepodległości w 1991 roku, najniższa
wolność prasy na świecie, Asmara
Erytrea
71%
Nazwa identyczna jak u wschodniego sąsiada,
od 1969 do 1990 kraj komunistyczny
Kongo
71%
Graniczy z Hiszpanią, Wojna Piaskowa, dużo skamieniałości trylobitówMaroko
71%
AK-47 na fladze, FRELIMO, RENAMOMozambik
71%
Kalifat Sokoto, Biafra, najludniejsze państwo AfrykiNigeria
71%
Najwięcej piramid na świecie,
2008 TC3, Powstanie Mahdiego
Sudan
71%
Miejsce wybuchu Arabskiej Wiosny, Kartagina, WandalowieTunezja
71%
Kabinda, od 1975 do 1990 kraj komunistyczny, LuandaAngola
65%
Suazi, monarchia absolutna, największy % populacji mający HIVEswatini
65%
Pokonanie Włochów w 1896 roku,
flaga była inspiracją dla innych krajów Afryki,
Hajle Syllasje I
Etiopia
65%
Największe państwo-enklawa, Basutoland,
położony w całości ponad 1000 m n.p.m.
Lesotho
65%
Ropa, Mu’ammar al-Kaddafi, Afrika KorpsLibia
65%
Chęć przyłączenia się do Unii Europejskiej, Kabowerdeńczycy, mimo nazwy to są wyspyRepublika Zielonego Przylądka
65%
Rajd Dakar, Konflikt w Casamance,
był częścią Federacji Mali
Senegal
65%
Była część Francji (nie kolonia), Operacja Torch, akcja książki "Dżuma"Algieria
59%
Nazwa znaczy "kraj uczciwych ludzi", dawniej Górna Wolta,
Thomas Sankara
Burkina Faso
59%
Kraj nieuznawany, szariat, dawne Somali BrytyjskieSomaliland
59%
Beczuana, największy producent diamentów, KalahariBotswana
53%
Dawna kolonia Kurlandii, terytorium rozciąga się wzdłuż jednej rzekiGambia
53%
Safari, Król Lew, Powstanie Mau MauKenia
53%
Nazwa oznacza księżyc, Anjouan, Kanał MozambickiKomory
53%
Dawna kolonia USA, w 1927 doszło do wyborów z frekwencją 1660%,
najstarsza republika w Afryce
Liberia
53%
Nelson Mandela, Apartheid, Wojny burskieRepublika Południowej Afryki
53%
Największe PKB per capita w Afryce, VictoriaSeszele
53%
Nazwa oznacza "Lwie Góry", FreetownSierra Leone
53%
Dawna kolonia niemiecka, flaga posiada proporcję 1:φ, LomeTogo
53%
Kto zabił kapitana Aleksa?, Armia Bożego Oporu,
Buganda
Uganda
53%
Niasa, Lilongwe, nazwa związana z jeziorem
Malawi
47%
Ptaki dodo, składa się z czterech wyspMauritius
47%
Państwo nieuznawane, częściowo okupowane,
dawna hiszpańska kolonia
Sahara Zachodnia
47%
Rodezja, Monomotapa, Robert Mugabe, HiperinflacjaZimbabwe
47%
Naturalny reaktor jądrowy w Oklo, LibrevilleGabon
41%
W 2013 wybuchła największa epidemia Ebolii, KonakryGwinea
41%
Kolonia niemiecka, separatystyczny ruch Abazonii
najdłużej panujący prezydent na świecie
Kamerun
41%
Timbuktu, Azawad, TuaregowieMali
41%
Wyżyna Aïr, NiameyNiger
41%
Największy producent kakao na świecie,
nazwa odnosi się do niegdyś zdobywanego towaru z tego terytorium
Wybrzeże Kości Słoniowej
41%
W angielskiej nazwie występują litery "ã" oraz "é",
dawna kolonia portugalska
Wyspy Świętego Tomasza i Książęca
41%
Lusaka, Rodezja Północna, najkrótsza granica państwowa dzielona z południowym sąsiademZambia
41%
Nazwa oznacza "Król - wojownik", drugi na świecie producent kakao,
od 2020 trwa rebelia wschodniego Togolangu
Ghana
35%
Nazwa odnosi się do dawnego afrykańskiego królestwa,
do 1975 nazywało się Dahomej, od 1975 do 1990 kraj komunistyczny
Benin
29%
Niedoszła rosyjska kolonia, Japońska baza wojskowa, Bab-el-MandebDżibuti
29%
Największą atrakcją turystyczną jest pociąg,
ostatni kraj na świecie, który zdelegalizował niewolnictwo
Mauretania
29%
Ludobójstwo Herero i Namaqua, Wybrzeże Szkieletowe,
Pas Caprivi
Namibia
24%
Od 1976 do 1979 Cesarstwo, najniższy wskaźnik HDI
na świecie
Republika Środkowoafrykańska
18%

Rozkład punktacji

Percentyl według liczby udzielonych odpowiedzi

Procent ludzi z każdym wynikiem

Twoja historia wyników

Nie rozwiązałeś tego quizu